000 00676nam a2200241Ia 4500
003 OSt
005 20220925225530.0
006 a|||||r|||| 00| 0
007 ta
008 220923b |||||||| |||| 00| 0 eng d
020 _a0761956948
037 _cGeneral Book
040 _aRTL
_cRTL
_beng
041 _2eng
_aeng
082 _aX991, N8
100 _aParker Barbara
_9292614
245 0 _aGlobalization and business practice
_b Managing acr
260 _aLondon
_bSage Publications United Kingdom
_c1998
300 _axvi, 655p.
_ccm.
650 _aGlobalization
942 _hX991, N8
_cGB
_2CC
999 _c583755
_d583755